| 000 | 01300cam a22003254a 4500 | ||
|---|---|---|---|
| 999 |
_c29149 _d29120 |
||
| 001 | 12433098 | ||
| 003 | EG-ScBUE | ||
| 005 | 20210601113115.0 | ||
| 008 | 010606t2002 njua f b 001 0 eng d | ||
| 020 | _a0130612103 | ||
| 020 | _a9780130612106 | ||
| 040 |
_aDLC _beng _erda _cDLC _dDLC _dEG-ScBUE |
||
| 082 | 0 | 4 |
_a621.31042 _bHUB _222 |
| 100 | 1 |
_aHubert, Charles I., _eauthor. |
|
| 245 | 1 | 0 |
_aElectric machines : _btheory, operation, applications, adjustment, and control / _cCharles I. Hubert, professor of electrical engineering, United States Merchant Marine Academy. |
| 250 | _aSecond edition. | ||
| 264 | 1 |
_aUpper Saddle River, New Jersey : _bPearson Education,Inc, _c[2002] |
|
| 264 | 4 | _cc2002 | |
| 300 |
_axix, 604 pages : _billustrations ; _c25 cm |
||
| 336 |
_2rdacontent _atext _btxt |
||
| 337 |
_2rdamedia _aunmediated _bn |
||
| 338 |
_2rdacarrier _avolume _bnc |
||
| 504 | _aIncludes bibliographical references and index. | ||
| 650 | 7 |
_aElectric machinery. _2BUEsh |
|
| 653 |
_bENGELC _cJune2021 |
||
| 655 |
_vReading book _934232 |
||
| 906 |
_a7 _bcbc _corignew _d1 _eocip _f20 _gy-gencatlg |
||
| 942 |
_2ddc _cBB |
||